Política de salud en la Argentina. (Registro nro. 389)
[ vista simple ]
| 000 -LEADER | |
|---|---|
| fixed length control field | 00851 am a2200229 a 4500 |
| 005 - FECHA ULTIMA MODIFICACION | |
| control field | 20240223122141.0 |
| 008 - CAMPO DE CONTROL (LIBRO) | |
| fixed length control field | 100622s1988||||ag # f |||| 001 0 spa d |
| 020 ## - INTERNATIONAL STANDARD BOOK NUMBER | |
| ISBN | 9505061706 |
| 041 ## - CODIGO DE IDIOMA | |
| Código de idioma del texto/pista de sonido o título separado | spa |
| 092 ## - SIGNATURA TOPOGRAFICA DEWEY LOCAL | |
| número de clasificación | 344 |
| libristica | 51 |
| sección | MER |
| 100 1# - ENTRADA PRINCIPAL--NOMBRE PERSONAL | |
| Nombre personal | Mera, Jorge Alberto. |
| 9 (RLIN) | 1197 |
| 245 ## - TITULO PROPIAMENTE DICHO | |
| Título | Política de salud en la Argentina. |
| Subtítulo y Título paralelo | La construcción del Seguro Nacional de Salud / |
| Mención de responsabilidad y remanente de la transcripción de la portada | Jorge Alberto Mera. |
| 250 ## - MENCION DE EDICION | |
| Mención de edición | 1a ed. |
| Mención de responsabilidad relacionada con la ed. | Prólogo de Aldo Neri. |
| 260 ## - PIE DE IMPRENTA | |
| Lugar de publicación, distribución, etc | Buenos Aires: |
| Nombre de la editorial, distribuidor, etc | Hachette; |
| Fecha de publicación | 1988. |
| 300 ## - DESCRIPCION FISICA | |
| Extension | 189 p. |
| 500 ## - NOTA GENERAL | |
| Nota general | Mera, J. (1988). Política de salud en la Argentina. La construcción del Seguro Nacional de Salud. (1a ed.). Buenos Aires : Hachette. |
| 653 ## - TÉRMINO INDIZADO - PALABRAS CLAVES | |
| Palabra clave | Formación y caracteristicas del sistema de salud |
| 653 ## - TÉRMINO INDIZADO - PALABRAS CLAVES | |
| Palabra clave | Formulación de la política de salud |
| 653 ## - TÉRMINO INDIZADO - PALABRAS CLAVES | |
| Palabra clave | Seguro Nacional de salud |
| 930 ## - NUMERO DE INVENTARIO | |
| Número de inventario | 1658 |
| 942 ## - ADDED ENTRY ELEMENTS (KOHA) | |
| Source of classification or shelving scheme | Dewey Decimal Classification |
| Item type | Libros |
| Estado de retiro | Existencia | Estado general | No para prestamo | Ubicación permanente | ubicación actual | Sala de ubicación | Fecha de adquisición | Total Checkouts | Número de clasificación | Código de barras | Date last seen | Date last borrowed | Número de ejemplar | Price effective from | Koha tipo de elemento (item) |
|---|---|---|---|---|---|---|---|---|---|---|---|---|---|---|---|
| Biblioteca Medicina | Biblioteca Medicina | Circulación | 13/05/2011 | 1 | 344 51 MER | 1658 | 20/12/2018 | 18/12/2018 | ej.1 | 13/05/2011 | Libros |